000
00341 a2200157 4500
001
154763
040
_c
Escola São Tomás de Aquino
100
_a
HIRAN, Gilberto
240
1
0
_a
Sociedade Brasileira
_l
por
245
1
0
_a
Sociedade Brasileira
300
_a
599
362
0
_a
2000
440
1
_a
Record
697
_a
HISTÓRIA
942
_c
BK
999
_c
154763
_d
154763